Los cuentos de doña Estrella : anécdotas de una primera dama /
Uloženo v:
| Hlavní autor: | |
|---|---|
| Další autoři: | |
| Médium: | Kniha |
| Jazyk: | Spanish |
| Vydáno: |
San José, Costa Rica :
Sin publicador,
[1990]?
|
| Témata: | |
| Tagy: |
Přidat tag
Žádné tagy, Buďte první, kdo vytvoří štítek k tomuto záznamu!
|
MARC
| LEADER | 00000nam a22000007a 4500 | ||
|---|---|---|---|
| 008 | 140704q1990 CR |||| |||| 000 0 spa d | ||
| 082 | |a CR863.4 |b Z49c | ||
| 100 | 1 | |a Zeledón Lizano, Estrella | |
| 245 | |a Los cuentos de doña Estrella : |b anécdotas de una primera dama / |c [Estrella Zeledón de Carazo] ; [editora y recopiladora] Giuliana Vicarioli | ||
| 260 | |a San José, Costa Rica : |b Sin publicador, |c [1990]? | ||
| 300 | |a 39 páginas | ||
| 650 | 7 | |9 76 |a LITERATURA COSTARRICENSE |v CUENTOS | |
| 700 | 1 | 2 | |a Vicarioli, Guliana |j editora |
| 942 | |2 ddc |c BK | ||
| 999 | |c 3349 |d 3349 | ||
